|
|
|
|
| LEADER |
00000nam a2200000 a 4500 |
| 001 |
vtls001313756 |
| 003 |
SK-MaSNL |
| 005 |
20260223172318.0 |
| 008 |
180126sm y0 xo 0 und |
| 035 |
|
|
|a SNK000266181
|
| 040 |
|
|
|a SNK
|b slo
|c SNK
|e AACR2
|
| 044 |
|
|
|a xo
|c SK
|
| 245 |
1 |
|
|a STN EN 424 Pružné dlážkoviny
|h Stanovenie vplyvu simulovaného pohybu nábytkovej nohy
|
| 260 |
|
|
|a Bratislava
|b Slovenský ústav technickej normalizácie
|c 1997
|
| 300 |
|
|
|c 8 s.
|
| 999 |
|
|
|c 630711
|d 632641
|
| 952 |
|
|
|t P60, <03>, [BOOK], {603}
|a SNK
|b SNK
|y PREZ
|7 0
|p 17A0108104
|o snkSTN EN 424
|i snkN 141/97
|0 0
|1 0
|4 0
|d 1997-12-08
|l 0
|r 2005-01-02 00:00:00
|w 2026-02-23
|
| 952 |
|
|
|t P60, <04>, [BOOK], {604}
|a SNK
|b SNK
|y VYP
|7 0
|p 17A0108105
|o snkSTN EN 424 D1
|i snkN 142/97
|0 0
|1 0
|4 0
|d 1997-12-08
|l 0
|r 2005-01-02 00:00:00
|w 2026-02-23
|